| 000 | 00813nam a2200241Ia 4500 | ||
|---|---|---|---|
| 008 | 130821s2008 ck gr spa | ||
| 020 | _a978 958 8308 51 7 | ||
| 040 |
_aCo-BoUCM _bspa |
||
| 041 | 0 | 0 | _aspa |
| 100 | 1 |
_aAlvear Bravo, Hernan M. _9169145 |
|
| 245 | 1 | 0 |
_aGrafología forense _cHernan M. Alvear Bravo |
| 260 |
_aCali (Valle, Colombia) _bUniversidad Libre _c2008 |
||
| 300 | _a101 páginas | ||
| 490 | 0 |
_aEstudios de Criminalística y Ciencias Forenses _v1 |
|
| 504 | _aIncluye bibliografía. | ||
| 650 |
_aDerecho penal _912805 |
||
| 650 |
_aGrafología forense _916514 |
||
| 650 |
_aInvestigación criminal _917980 |
||
| 650 |
_aPsicología del dibujo _922823 |
||
| 710 | 2 |
_aUniversidad Libre _93817 |
|
| 942 |
_cLIBRO _a8 _e1 _mA474 _2DEWEY _h363.2565 |
||
| 999 |
_c75325 _d75325 |
||